Normal view
MARC view
- Shaukat, NC Ubaid Ullah (TCC-19 )
Entry Personal Name
001 - CONTROL NUMBER
- control field: 131484
003 - CONTROL NUMBER IDENTIFIER
- control field: NUST
005 - DATE AND TIME OF LATEST TRANSACTION
- control field: 20251023133503.0
008 - FIXED-LENGTH DATA ELEMENTS
- fixed length control field: 251023|| aca||aabn | a|a d
040 ## - CATALOGING SOURCE
- Original cataloging agency: NUST
- Transcribing agency: NUST
100 ## - HEADING--PERSONAL NAME
- Personal name: Shaukat, NC Ubaid Ullah (TCC-19 )
670 ## - SOURCE DATA FOUND
- Source citation: Work cat.: (NUST)188981: Shaukat, NC Ubaid Ullah (TCC-19 ), Voice encryption of senao sets /, August 2011
